| 000 | 00589nam a2200205 4500 | ||
|---|---|---|---|
| 003 | OSt | ||
| 005 | 20260530113849.0 | ||
| 008 | 260421b2000 enka|||| |||| 00| 0 eng d | ||
| 040 |
_aICI _bspa _cICI |
||
| 050 | 4 |
_aNA2750 _bR43 |
|
| 100 | 1 |
_aRedhead, David, _931031 |
|
| 245 | 1 | 0 |
_aProducts of our time / _cDavid Redheaed |
| 264 | 1 |
_b Birkhäuser Verlag, _c c2000 _aBasel : |
|
| 300 |
_a144 páginas _bilustraciones _c24cm. |
||
| 336 |
_atexto _2rdacontent |
||
| 337 |
_asin medio _2rdamedia |
||
| 338 |
_avolumen _2rdacarrier |
||
| 650 | 4 |
_aDiseño arquitectónico _931032 |
|
| 942 |
_2lcc _cBK |
||
| 999 |
_c11382 _d11382 |
||